A razão judicativa (Registo nº 21546)

Detalhes MARC
000 -Etiqueta do registo
Valores 00810nam a22002291i 4500
090 ## -
-- 21546
010 ## - Número ISBN
ISBN 9789722712385
100 ## - Dados gerais de processamento
Dados gerais 20170304u u u0frey50 ba
101 0# - Língua de publicação
-- por
200 1# - Titulo e menção de responsabilidade
Primeira menção de responsabilidade António Marques
Título próprio A razão judicativa
Informação de outro título estudos sobre Kant
215 ## - Descrição física 
Paginação / Volumes 224, [8] p.
Dimensões 24 cm
210 ## - Publicação
Nome do editor Imprensa Nacional-Casa da Moeda
Local de publicação Lisboa
Data de publicação imp. 2004
225 2# - Colecção 
Título próprio da colecção Estudos gerais
225 2# - Colecção 
Nome de parte ou secção Série universitária
300 ## - Notas gerais 
Texto da nota Oferta de Imprensa Nacional - Casa da Moeda
410 #0 -
-- Estudos gerais
411 #0 -
-- Série universitária
700 #1 - Autor principal (pessoa individual)
Apelido Marques
Nome António
-- 070
996 ## - ISO2709
-- 0031054
-- MAR
-- 00000000
-- 00000000
-- BMVA
-- 1
-- Viana do Alentejo
-- Filosofia
-- 24
-- Livro
-- 0
-- 1
996 ## - ISO2709
-- 0031120
-- MAR
-- 00000000
-- 00000000
-- BMVA
-- 1
-- Alcáçovas
-- Filosofia
-- 24
-- Livro
-- 0
-- 1
990 ## - Elementos KOHA
Tipo de documento Livro
Exemplares
Situação do levantamento Estado Biblioteca de origem Biblioteca de empréstimo Código de barras Cota Permissão de empréstimo Tipo de documento Localização na Estante Nota relativa ao exemplar
  Completo Biblioteca Municipal de Viana Do Alentejo Biblioteca Municipal de Viana Do Alentejo 0026881 1 MAR Disponível Livro    
  Completo Biblioteca Municipal de Viana Do Alentejo Biblioteca Municipal de Viana Do Alentejo Pólo Alcáçovas 0026944 1 MAR Disponível Livro Depósito cx. 151 vnt




Powered by Koha